00947nam a2200277 i 4500001000300000100002300003245006900026260002700095300002000122490007500142504001400217650002800231650002200259655003000281830007500311020001500386040000800401041000800409080002200417920001800439942000700457008004100464999001700505856009800522952004900620bg1 aWĘGRZYN, Jadwiga10aReadings in business English for beginners /cJadwiga Węgrzyn. aBytom :bWSEiA,c2000. a47 s. ;c24 cm.1 aSkrypty Uczelniane / Wyższa Szkoła Ekonomii i Administracji ;vnr 1 aBibliogr. 9aGospodarkaxsłownictwo 9aJęzyk angielski aPodręczniki akademickie 0aSkrypty Uczelniane (Wyższa Szkoła Ekonomii i Administracji) ;vnr 1 a838803068X cBPK0 aeng a811.111(075.8):33 a83-88030-68-X cKS s pl f |000 0 pol  c43715d43715 uhttp://koha.tu.koszalin.pl/cgi-bin/koha/opac-detail.pl?biblionumber=43715yKatalog online BPK 00104070aBPKbBPKcwo69873p02159461yKS